• 首页
  • 本馆介绍
  • 公告通知
  • 最新文献
  • 馆藏检索
  • 电子资源
  • 读者导购
  • 参考咨询
  • 我的图书馆
  • 登录
  • 详细信息显示
  • 放入我的书架
  • 预约/预借图书
  • 作者相关作品
  • 分类相关作品
  • 丛书相关作品
  • 出版社相关作品

书目信息

  • 表格格式
  • 工作单格式
  • 卡片格式
题名:
快速付里叶变换及其应用
    
 
作者: 孙仲康 编著
分册:  
出版信息: 北京   人民邮电出版社  1982
页数: 364页
开本: 19cm
丛书名:
单 册:
中图分类: O174.22
科图分类:
主题词: 傅里叶变换-快速变换--应用 , 快速变换-傅里叶变换--应用
电子资源:
ISBN:
000 00681nam0 2200241 45
001 0182000784
005 20060801111716.18
010    @dCNY1.25
091    @aCN@b15045.2623
100    @a19950705d1982 em y0chiy0121 ea
101 0  @achi
102    @aCN@b110000
105    @ay z 000yy
200 10 @a快速付里叶变换及其应用@Akuai su fu li ye bian huan ji qi ying yong@f孙仲康编著
210    @a北京@c人民邮电出版社@d1982
215    @a364页@d19cm
606    @a傅里叶变换-快速变换@x应用
606    @a快速变换-傅里叶变换@x应用
690    @aO174.22@v3
701  0 @a孙仲康@Asun zhong kang@4编著
801  2 @aCN@bNLC@c20060801
801  0 @aCN@bTSSF
905    @a10447@dO174.22@e155
    
    快速付里叶变换及其应用/孙仲康编著.-北京:人民邮电出版社,1982
    364页;19cm
    
    
    ISBN :CNY1.25
    
●
相关链接 在E读中查询图书 在五车中查询图书 在当当中查询图书 在豆瓣中查询图书


正题名:快速付里叶变换及其应用     索取号:O174.22/155         预约/预借

序号 登录号 条形码 馆藏地/架位号 状态 备注
1 0443203   204432033   密集书库/ [索取号:O174.22/155] 在馆    
2 0443204   204432042   密集书库/ [索取号:O174.22/155] 在馆    
唐山师范学院图书馆 欢迎您!
大连网信软件有限公司© 版权所有